000 00345nam a2200133 i 4500
001 bg
100 1 _aLIPOWSKI, Adam
245 0 _aCeny dla dostawców w teorii i praktyce gospodarki socjalistycznej /
_cAdam Lipowski.
260 _aWarszawa,
_c1978.
040 _cBPK
041 _apol
942 _cKS
008 s pl f |000 0 pol
999 _c9527
_d9527
856 _uhttp://koha.tu.koszalin.pl/cgi-bin/koha/opac-detail.pl?biblionumber=9527
_yKatalog online BPK